00889cam a22002411 4500001001300000003000400013005001700017008004100034010001700075035001800092040002500110042001200135050001600147100001300163245006800176260009100244300003000335410010400365651004300469700003400512710008400546999001700630sa 68018946 DLC20260227112715.0721031s1965 xx 000 0 ind  asa 68018946  a(OCoLC)480258 aDLCcOAUdOCoLCdDLC apremarc00aHF1597b.S90 aSubroto.10aKerdjasama ekonomi antar Nefos,coleh Subroto dan Ali Wardhana. aDjakarta,bLembaga Penjelidikan Ekonomi dan Masjarakat, Universitas Indonesiac[1965?] aii, 28 p.billus.c32 cm.10a[Djakarta.bUniversitas Indonesia.bLembaga Penjelidikan Ekonomi dan Masjarakat.tLaporan]vno. 24B 0aIndonesiaxForeign economic relations.1 aWardhana, Ali,ejoint author.1 aDjakarta.bUniversitas Indonesia.bLembaga Penjelidikan Ekonomi dan Masjarakat. c88733d88733